Data Communications for Business

Guardado en:
Detalles Bibliográficos
Autor principal: Lientz, Bennet P.
Otros Autores: Rea, Kathryn P.
Formato: Libro
Lenguaje:inglés
Publicado: St. Louis Times Mirror 1987
Edición:1. ed.
Etiquetas: Agregar Etiqueta
Sin Etiquetas, Sea el primero en etiquetar este registro!

MARC

LEADER 00000nam a2200000 4500
001 c022662
005 20221219115635.0
041 0 |a eng 
044 |a US 
245 1 0 |a Data Communications for Business  |c Bennet P. Lientz, Kathryn P. Rea 
250 |a 1. ed. 
264 1 |a St. Louis  |b Times Mirror  |c 1987 
300 |a 326 s. 
100 1 |a Lientz, Bennet P. 
700 1 |a Rea, Kathryn P.